[Event "Kings Gambit for all II"]
[Site "SchemingMind.com"]
[Date "2009.07.16"]
[Round "-"]
[White "skeeter"]
[Black "Schaakmaatje"]
[Result "1-0"]
[WhiteCountry "NZL"]
[BlackCountry "NED"]
[WhiteElo "2103"]
[WhiteRD "99"]
[BlackElo "1674"]
[BlackRD "50"]
[GameID "212098"]

1. e4 e5 2. f4 exf4 3. Nf3 Be7 4. Bc4 Nf6 5. e5 Nh5 6. O-O d5 7. Bb5+ c6 8. Be2 Qb6+ 9. d4 Bf5 10. c4 g5
11. cxd5 cxd5 12. Nc3 Be4 13. Nxg5 Bxg5 14. Bxh5 Qh6 15. Qg4
1-0

[Event "Kings Gambit for all II"]
[Site "SchemingMind.com"]
[Date "2009.07.13"]
[Round "-"]
[White "skeeter"]
[Black "dtedesco"]
[Result "1-0"]
[WhiteCountry "NZL"]
[BlackCountry "CAN"]
[WhiteElo "2032"]
[WhiteRD "110"]
[BlackElo "1519"]
[BlackRD "73"]
[GameID "212099"]

1. e4 e5 2. f4 exf4 3. Nf3 g5 4. Bc4 Bg7 5. O-O g4 6. Ne1 Bd4+ 7. Kh1 f3 8. gxf3 g3 9. hxg3 Nf6 10. c3 Be5
11. f4 Nxe4 12. Qf3 d5 13. fxe5 Bf5 14. Kh2 Qg5 15. Bxd5 O-O 16. d4 Qh6+ 17. Bxh6
1-0

[Event "Kings Gambit for all II"]
[Site "SchemingMind.com"]
[Date "2009.07.11"]
[Round "-"]
[White "skeeter"]
[Black "lontjr"]
[Result "1-0"]
[WhiteCountry "NZL"]
[BlackCountry "USA"]
[WhiteElo "2004"]
[WhiteRD "114"]
[BlackElo "1253"]
[BlackRD "142"]
[GameID "212100"]

1. e4 e5 2. f4 d5 3. exd5 c6 4. Nc3 exf4 5. Nf3 Bd6 6. d4 Ne7 7. dxc6 Nbxc6 8. Bc4 O-O 9. O-O Be6 10. Bxe6 fxe6
11. Ng5 Ng6 12. Qh5
1-0

[Event "Kings Gambit for all II"]
[Site "SchemingMind.com"]
[Date "2009.07.11"]
[Round "-"]
[White "skeeter"]
[Black "alvaro"]
[Result "1-0"]
[WhiteCountry "NZL"]
[BlackCountry "URU"]
[WhiteElo "2004"]
[WhiteRD "114"]
[BlackElo "1782"]
[BlackRD "72"]
[GameID "212101"]

1. e4 e5 2. f4 exf4 3. Nf3 Nf6 4. e5 Nd5 5. Nc3 Nxc3 6. dxc3 g5 7. h4 g4 8. Ng5 h6 9. Ne4 d5 10. Nf6+ Ke7
11. Nxd5+ Ke6 12. Qxg4+ Kxd5 13. Qd1+ Ke6 14. Qxd8 Nc6 15. Bc4+ Kxe5 16. Qd5+
1-0

[Event "Kings Gambit for all II"]
[Site "SchemingMind.com"]
[Date "2009.07.11"]
[Round "-"]
[White "skeeter"]
[Black "andu"]
[Result "1/2-1/2"]
[WhiteCountry "NZL"]
[BlackCountry "AUT"]
[WhiteElo "2110"]
[WhiteRD "92"]
[BlackElo "2124"]
[BlackRD "50"]
[GameID "212102"]

1. e4 e5 2. f4 exf4 3. Nf3 g5 4. Bc4 Bg7 5. O-O h6 6. d4 Nc6 7. b3 d6 8. c3 Nf6 9. e5 dxe5 10. Nxe5 Nxe5
11. Qe2 Ng4 12. dxe5 O-O 13. e6 Ne5 14. exf7+ Nxf7 15. Ba3 Kh8 16. Bxf8 Qxf8 17. Bd3 Nd6 18. a3 Bd7 19. Ra2 a6 20. Qf2 Be6
21. Rb2 Qf7 22. b4 a5 23. Re1 axb4 24. axb4 Bf6 25. Rc2 Nf5 26. Rb2 Ne3 27. Be4 c6 28. b5 cxb5 29. Rxb5 Ra2 30. Rb2 Ng4
31. Qb6 Rxb2 32. Qxb2 Qc7 33. Qb4 Kg8 34. Bf3 Be7 35. Bxg4 Bxb4 36. Bxe6+ Kg7 37. cxb4 Qb6+ 38. Kf1 Qxb4 39. Bg4 Qc4+ 40. Be2 Qc6
41. Nd2 b5 42. Rd1 b4 43. Nb3 Kf6 44. Rd4 Qc3 45. Rd3 Qc2 46. h3 Ke5 47. g3 fxg3 48. Rxg3 Qf5+ 49. Ke1 Qb1+ 50. Kf2 Qg6
51. Re3+ Kd6 52. Bf3 Qc2+ 53. Ke1 Qh2 54. Be2 Kc7 55. Nd4 Qh1+ 56. Kd2 Qd5 57. Rd3 Kb6 58. Bf3 Qf7 59. Ke1 Qd7 60. Bh5 Qd5
61. Bg4 Qg2 62. Kd1 Qd5 63. Kc2 Qa2+ 64. Kd1 Qg2 65. Nb3 Qc6 66. Nd2 Qa4+ 67. Nb3 Qa2 68. Be6 Qb1+ 69. Ke2 Qb2+ 70. Nd2 Kc7
71. Re3 Qd4 72. Re4 Qd6 73. Nf3 Qa6+ 74. Kf2 Qa7+ 75. Rd4 Qc5 76. Bb3 Kb6 77. Ke2 Qc3 78. Rd3 Qb2+ 79. Nd2 Qe5+ 80. Re3 Qh2+
81. Kd3 Qd6+ 82. Kc2 Qc5+ 83. Kd1 Kc7 84. Ke2 Qd6 85. Nf3 Qa6+ 86. Rd3 Qb5 87. Bd5 Qc5 88. Nd2 Qc2 89. Bc4 Qb2 90. Re3 Qg7
91. Bd5=
1/2-1/2

[Event "Kings Gambit for all II"]
[Site "SchemingMind.com"]
[Date "2009.07.11"]
[Round "-"]
[White "skeeter"]
[Black "DandyLion"]
[Result "1-0"]
[WhiteCountry "NZL"]
[BlackCountry "IRL"]
[WhiteElo "2103"]
[WhiteRD "99"]
[BlackElo "1908"]
[BlackRD "70"]
[GameID "212103"]

1. e4 e5 2. f4 exf4 3. Nf3 g5 4. Bc4 d6 5. O-O Bg7 6. d4 Bg4 7. c3 Nc6 8. Qb3 Bxf3 9. Rxf3 Nh6 10. Qxb7 Ne7
11. Qb5+ c6 12. Qxg5 O-O 13. Bxf4 Qd7 14. Qh5 Qg4 15. Qxg4 Nxg4 16. Bxd6 Rae8 17. h3 Nf6 18. Nd2 Nd7 19. Raf1 Nf6 20. Rxf6 Bxf6
21. Rxf6 Kg7 22. e5 a5 23. Ne4 h6 24. Ng3 a4 25. Bxe7 Rh8 26. Nh5+
1-0

[Event "Kings Gambit for all II"]
[Site "SchemingMind.com"]
[Date "2009.07.16"]
[Round "-"]
[White "Schaakmaatje"]
[Black "skeeter"]
[Result "0-1"]
[WhiteCountry "NED"]
[BlackCountry "NZL"]
[WhiteElo "1671"]
[WhiteRD "49"]
[BlackElo "2113"]
[BlackRD "93"]
[GameID "212105"]

1. e4 e5 2. f4 exf4 3. Nf3 d5 4. exd5 Nf6 5. Bc4 Nxd5 6. O-O Be7 7. Nc3 Nb6 8. Bb3 O-O 9. d4 c5 10. Bxf4 c4
11. Ba4 Bg4 12. Qd2 Bb4 13. Bxb8 Qxb8 14. Qe3 Qc8 15. Ne5 Bxc3 16. Qxc3 Nxa4 17. Qb4 Nb6 18. Rf4 Nd5 19. Qd2 c3 20. bxc3 Nxf4
21. Qxf4 Qxc3 22. Rf1 Be6
0-1

[Event "Kings Gambit for all II"]
[Site "SchemingMind.com"]
[Date "2009.07.13"]
[Round "-"]
[White "dtedesco"]
[Black "skeeter"]
[Result "0-1"]
[WhiteCountry "CAN"]
[BlackCountry "NZL"]
[WhiteElo "1519"]
[WhiteRD "73"]
[BlackElo "2032"]
[BlackRD "110"]
[GameID "212106"]

1. e4 e5 2. f4 exf4 3. Nf3 g5 4. h4 g4 5. Ng5 h6 6. Nxf7 Kxf7 7. Bc4+ d5 8. Bxd5+ Kg7 9. b3 Nf6 10. Bb2 Bd6
11. e5 Re8 12. d4 Nxd5 13. Nd2 Ne3 14. Qe2 Nxc2+ 15. Kd1 Nxa1 16. Bxa1 Be7 17. e6 Qd5 18. Qxg4+ Kh7 19. Qxf4 Bxe6 20. Qxc7 Bg4+
21. Kc1 Na6 22. Qf4 Ba3+ 23. Bb2 Rac8+ 24. Kb1 Bf5+ 25. Ka1 Bxb2+ 26. Kxb2 Rc2+ 27. Ka1 Nb4 28. Rf1 Rxa2#
0-1

[Event "Kings Gambit for all II"]
[Site "SchemingMind.com"]
[Date "2009.07.11"]
[Round "-"]
[White "lontjr"]
[Black "skeeter"]
[Result "0-1"]
[WhiteCountry "USA"]
[BlackCountry "NZL"]
[WhiteElo "1253"]
[WhiteRD "142"]
[BlackElo "2004"]
[BlackRD "114"]
[GameID "212107"]

1. e4 e5 2. f4 exf4 3. Qf3 Nc6 4. c3 Nf6 5. d4 d5 6. e5 Ne4 7. Bxf4 Be7 8. Nd2 g5 9. Be3 g4 10. Qe2 Bh4+
11. Bf2 Nxf2 12. g3 Nxh1
0-1

[Event "Kings Gambit for all II"]
[Site "SchemingMind.com"]
[Date "2009.07.11"]
[Round "-"]
[White "alvaro"]
[Black "skeeter"]
[Result "0-1"]
[WhiteCountry "URU"]
[BlackCountry "NZL"]
[WhiteElo "1782"]
[WhiteRD "72"]
[BlackElo "2004"]
[BlackRD "114"]
[GameID "212108"]

1. e4 e5 2. f4 exf4 3. Nf3 d6 4. d4 g5 5. Bc4 h6 6. O-O Bg7 7. c3 Nc6 8. Qb3 Qe7 9. Bb5 a6 10. Bxc6+ bxc6
11. Re1 g4 12. e5 gxf3 13. Bxf4 fxg2 14. Re3 d5 15. Rg3 Qh4 16. Bd2 Bf8 17. Na3 Ne7 18. Re1 a5 19. Kxg2 Nf5 20. Nb5 Nxg3
21. Nxc7+ Kd7 22. hxg3 Rg8
0-1

[Event "Kings Gambit for all II"]
[Site "SchemingMind.com"]
[Date "2009.07.11"]
[Round "-"]
[White "andu"]
[Black "skeeter"]
[Result "0-1"]
[WhiteCountry "AUT"]
[BlackCountry "NZL"]
[WhiteElo "1835"]
[WhiteRD "49"]
[BlackElo "2004"]
[BlackRD "114"]
[GameID "212109"]

1. e4 e5 2. f4 exf4 3. Nf3 Be7 4. Bc4 Nf6 5. e5 Ng4 6. O-O Nc6 7. d4 d5 8. exd6 Bxd6 9. Re1+ Ne7 10. Ng5 O-O
11. Nc3 Ng6 12. Nce4 Be7 13. h3 Bxg5 14. hxg4 Bh4 15. Rf1 Bxg4 16. Qd3 Bg3 17. Nxg3 fxg3
0-1

[Event "Kings Gambit for all II"]
[Site "SchemingMind.com"]
[Date "2009.07.11"]
[Round "-"]
[White "DandyLion"]
[Black "skeeter"]
[Result "0-1"]
[WhiteCountry "IRL"]
[BlackCountry "NZL"]
[WhiteElo "1908"]
[WhiteRD "70"]
[BlackElo "2103"]
[BlackRD "99"]
[GameID "212110"]

1. e4 e5 2. f4 exf4 3. Nf3 g5 4. h4 g4 5. Ne5 Nf6 6. d4 d6 7. Nd3 Nxe4 8. Bxf4 Bg7 9. c3 O-O 10. Nd2 Re8
11. Nxe4 Rxe4+ 12. Be2 Nc6 13. Qd2 Qe8 14. Kf2 Ne7 15. Rae1 Nd5 16. Bh6 Qe7 17. Bxg7 Kxg7 18. Bd1 Bf5 19. Rxe4 Qxe4 20. Qg5+ Bg6
21. Bc2 h6 22. Qd2 Qf5+ 23. Kg3 Nf6 24. Nb4 Nh5+ 25. Kh2 g3+ 26. Kg1 Qf4 27. Qe1 Re8
0-1